Психология взрослости: [учебное пособие]

Podrobná bibliografie
Hlavní autor: Ильин Е. П. Евгений Павлович
Shrnutí:Психология зрелости и психология старости — два раздела психологии взрослости, которым посвящена уникальная книга профессора Е. П. Ильина. Учебное пособие охватывает широкий круг актуальных вопросов, среди которых социально-психологические аспекты зрелого и старческого возраста, разновидности зрелости и ее влияние на профессионализм, "бальзаковский возраст", экзистенциальное акме, социальные функции взрослых, старение как процесс и его профилактика, а также многие другие. В конце пособия вы найдете полезные методики и подробный библиографический список. Издание предназначено для психологов, врачей, педагогов, социологов, представителей смежных специальностей, а также студентов вузовских факультетов соответствующих профилей.
Jazyk:ruština
Vydáno: СПб., Питер, 2012
Edice:Мастера психологии
Témata:
Médium: MixedMaterials Kniha
KOHA link:https://koha.lib.tpu.ru/cgi-bin/koha/opac-detail.pl?biblionumber=204610

MARC

LEADER 00000nam0a2200000 4500
001 204610
005 20231101225228.0
010 |a 9785459007626 
035 |a (RuTPU)RU\TPU\book\223047 
090 |a 204610 
100 |a 20111129d2012 m y0rusy50 ca 
101 0 |a rus 
102 |a RU 
105 |a a j 001zy 
200 1 |a Психология взрослости  |e [учебное пособие]  |f Е. П. Ильин 
210 |a СПб.  |c Питер  |d 2012 
215 |a 542 с.  |c ил. 
225 1 |a Мастера психологии 
320 |a Библиогр.: с. 504-542. 
330 |a Психология зрелости и психология старости — два раздела психологии взрослости, которым посвящена уникальная книга профессора Е. П. Ильина. Учебное пособие охватывает широкий круг актуальных вопросов, среди которых социально-психологические аспекты зрелого и старческого возраста, разновидности зрелости и ее влияние на профессионализм, "бальзаковский возраст", экзистенциальное акме, социальные функции взрослых, старение как процесс и его профилактика, а также многие другие. В конце пособия вы найдете полезные методики и подробный библиографический список. Издание предназначено для психологов, врачей, педагогов, социологов, представителей смежных специальностей, а также студентов вузовских факультетов соответствующих профилей. 
606 1 |a Возрастная психология  |2 stltpush  |3 (RuTPU)RU\TPU\subj\3476  |9 31897 
610 1 |a психология 
610 1 |a зрелый возраст 
610 1 |a старость 
610 1 |a человек 
610 1 |a взрослые 
610 1 |a социально-психологические аспекты 
610 1 |a психологические кризисы 
610 1 |a трудовая деятельность 
610 1 |a профессиональная карьера 
610 1 |a семейные отношения 
610 1 |a супруги 
610 1 |a конфликты 
610 1 |a родители 
610 1 |a дети 
610 1 |a воспитание 
610 1 |a политические права 
610 1 |a гражданские права 
610 1 |a старение 
610 1 |a геронтология 
610 1 |a страхи 
610 1 |a здоровый образ жизни 
610 1 |a профилактика 
610 1 |a старческий возраст 
610 1 |a одиночество 
610 1 |a виктаут 
610 1 |a учебные пособия 
610 1 |a опросники 
610 1 |a тесты 
686 |a Ю937.4я73  |v LBC/SL-A  |2 rubbk 
700 1 |a Ильин  |b Е. П.  |g Евгений Павлович 
801 1 |a RU  |b 63413507  |c 20111129 
801 2 |a RU  |b 63413507  |c 20120409  |g RCR 
900 |a Психология 
942 |c BK 
959 |a 97/20111129  |d 1  |e 0,00  |f ЧЗГЛ:1